Cryptography : a primer /
Guardado en:
| Autor Principal: | |
|---|---|
| Formato: | Libro |
| Idioma: | English |
| Publicado: |
New York :
Wiley,
c1981.
|
| Materias: | |
| Etiquetas: |
Agregar Etiqueta
Sin Etiquetas, Sea el primero en etiquetar este registro!
|
| LEADER | 00738cam a2200241 a 4500 | ||
|---|---|---|---|
| 001 | MAT.inmabb003560 | ||
| 008 | 801002s1981####nyua#####b####001#0#eng## | ||
| 005 | 20130315142914.0 | ||
| 245 | 1 | 0 | |a Cryptography : |b a primer / |c Alan G. Konheim. |
| 260 | |a New York : |b Wiley, |c c1981. | ||
| 300 | |a xiv, 432 p. : |b il. ; |c 24 cm. | ||
| 500 | |a "A Wiley-Interscience publication." | ||
| 504 | |a Bibliografía: p. 365-370. | ||
| 510 | 4 | |a MR, |c 83f:94043 | |
| 020 | |a 0471081329 | ||
| 100 | 1 | |a Konheim, Alan G., |d 1934- | |
| 650 | 0 | |a Cryptography. | |
| 650 | 0 | |a Computer security. | |
| 650 | 0 | |a Telecommunication |x Security measures. | |
| 084 | |a 94A60 |2 msc2000 | ||
| 010 | |a 80024978 | ||
| 040 | |a DLC |c DLC |d DLC | ||
| 859 | |h 94 |i K82 |p A-5804 |b BIB. MATEMATICA | ||
